Die Zeitung
Αποθηκεύτηκε σε:
| Άλλοι συγγραφείς: | , |
|---|---|
| Μορφή: | Βιβλίο |
| Γλώσσα: | German |
| Δημοσίευση: |
Aachen :
Hahner Verlagsgesellschaft,
1993
|
| Έκδοση: | 3 aufl. |
| Σειρά: | Medienkundliches handbuch
|
| Θέματα: | |
| Ετικέτες: |
Προσθήκη ετικέτας
Δεν υπάρχουν, Καταχωρήστε ετικέτα πρώτοι!
|
MARC
| LEADER | 00000nam a2200000 i 4500 | ||
|---|---|---|---|
| 001 | 1/12013 | ||
| 008 | 000919s1993 ger d | ||
| 020 | |a 3-89294-062-2 | ||
| 035 | |l 10064049 | ||
| 040 | |a GR-MY-UA |b gre |e aacr | ||
| 041 | 0 | |a ger | |
| 082 | 0 | |a 371.33 | |
| 245 | 1 | 4 | |a Die Zeitung / |c Herausgegeben von Peter Brand und Volker Schulze ; verfasser Volker Schulze |
| 250 | |a 3 aufl. | ||
| 260 | |a Aachen : |b Hahner Verlagsgesellschaft, |c 1993 | ||
| 300 | |a 212 p.; |c 23 cm | ||
| 490 | 1 | |a Medienkundliches handbuch | |
| 650 | 0 | 0 | |a Newspapers in education. |
| 650 | 0 | 0 | |a Teaching |x Aids and devices. |
| 700 | 1 | |a Brand, Peter. |4 edt | |
| 700 | 1 | |a Schulze, Volker. |4 edt | |
| 830 | 0 | |a Medienkundliches handbuch | |
| 852 | |a INST |b RHODES |e 20000919 |h 371.33 ZEI |p 005400007705 |q 005400007705 |t BK |y 0 | ||
| 909 | |a Ρ |b 037770 | ||
| 922 | |a 4ΕΛΗ |b 199411 | ||
| 970 | |z 2000/09/LITSA | ||